000 00751nam a22002417a 4500
005 20170124110153.0
010 _aA-853486
020 _c00.00
_a0074623346
035 _aA-853486
037 _bCen Lib/Ret
040 _aDPL
_bEN
082 _a621.9
_bPAT
100 _aPatranabis, D.
_934323
245 _aPrinciples of industrial instrumentation /
_cby D. Patranabis
250 _a2nd ed
260 _aNew Delhi
_bTata McGraw-Hill
_c1998
270 _a7 West Patel Nagar
_bNew Delhi
_e110058
300 _axi,760p. :
_c22cm(Hb)
_bill.
500 _aIncludes bibliographical references and index
650 _aEngineering instruments
_9101749
650 _aPhysical instruments
_934325
942 _2ddc
_cEN
_h621.9
_mPAT
999 _c132318
_d132318